Estilo de vida para laicos / (Record no. 141625)

MARC details
000 -LEADER
campo de control de longitud fija 00642nam a2200205 i 4500
001 - NÚMERO DE CONTROL
campo de control 141625
003 - IDENTIFICADOR DE NÚMERO DE CONTROL
campo de control ES-MaACL
005 - FECHA Y HORA DE LA ÚLTIMA TRANSACCIÓN
campo de control 20230906200331.0
007 - CAMPO FIJO DE DESCRIPCIÓN FÍSICA--INFORMACIÓN GENERAL
campo de control de longitud fija t|
008 - DATOS DE LONGITUD FIJA--INFORMACIÓN GENERAL
campo de control de longitud fija 070926s1966 sp ||||1| spa d
080 ## - NÚMERO DE LA CLASIFICACIÓN DECIMAL UNIVERSAL
Número de la Clasificación Decimal Universal 248.1
100 1# - ENTRADA PRINCIPAL--NOMBRE DE PERSONA
Nombre de persona Villota Elejalde, Juan Luis.
9 (RLIN) 115282
245 10 - MENCIÓN DEL TÍTULO
Título Estilo de vida para laicos /
Mención de responsabilidad, etc. Juan Luis Villota Elejalde ; prólogo de Pablo Gúrpide Beope.
260 ## - PUBLICACIÓN, DISTRIBUCIÓN, ETC.
Lugar de publicación, distribución, etc. Bilbao :
Nombre del editor, distribuidor, etc. Mensajero del Corazón de Jesús,
Fecha de publicación, distribución, etc. 1966.
300 ## - DESCRIPCIÓN FÍSICA
Extensión XV, 398 p. ;
Dimensiones 19 cm.
650 #4 - PUNTO DE ACCESO ADICIONAL DE MATERIA--TÉRMINO DE MATERIA
Término de materia o nombre geográfico como elemento de entrada Vida espiritual.
9 (RLIN) 12505
700 1# - ENTRADA AGREGADA--NOMBRE PERSONAL
Nombre de persona Gurpide Beope, Julio.
9 (RLIN) 208371
852 ## - LOCALIZACIÓN
Ubicación ES-MaACL
Número de control de estantería C-29465
Sublocalización o colección R.58312
Holdings
Estatus retirado Estado de pérdida Estado de daño No para préstamo Biblioteca de origen Biblioteca actual Ubicación en estantería Fecha de adquisición Fuente de adquisición Total de préstamos Signatura topográfica completa Código de barras Visto por última vez Precio de reemplazo Tipo de ítem Koha
        Biblioteca del Ateneo de Madrid Biblioteca del Ateneo de Madrid Depósito 2 17/01/2008     C-29465 1147363 23/02/2023 23/02/2023 Libro impreso